Gaming Quiz

Random Gaming Quiz

Can you name all mobs(including deleted) Quiz Stats

 Plays Quiz not verified by Sporcle

Support Sporcle.
Go Orange.
Score 0/20 Timer 05:00
0 Plays Today
% Correct
Zombie
94%
Skeleton
94%
Creeper
92.8%
Pig
91.6%
Cow
90.4%
Sheep
85.5%
Spider
85.5%
Chicken
83.1%
Ghast
79.5%
Zombie Pigman
71.1%
% Correct
Squid
66.3%
Steve
65.1%
Pigman
63.9%
Slime
62.7%
Rana
62.7%
Spider Jockey
61.4%
Beast boy
61.4%
Black Steve
59%
Giant
57.8%
Human
50.6%

You're not logged in!

Compare scores with friends on all Sporcle quizzes.
OR
Log In

From the Vault

Definitive NFL Team Names

by Pushcake

This one has a lot of layers, most of them involving sports.

You Might Also Like...

Remove Ads.
Support Sporcle.
Get the best of Sporcle when you Go Orange. This ad-free experience offers more features, more stats, and more fun while also helping to support Sporcle. Thank you for becoming a member.

Show Comments

Extras

Created Mar 3, 2011ReportNominate
Tags:mob

Top Quizzes Today


Score Distribution

Your Account Isn't Verified!

In order to create a playlist on Sporcle, you need to verify the email address you used during registration. Go to your Sporcle Settings to finish the process.

Report this User

Report this user for behavior that violates our Community Guidelines.

Details: